Harry Potter Magical Creatures & Beings Quiz Stats

 Plays Quiz not verified by Sporcle

Challenge
Share
Tweet
Embed
Score 0/28 Timer 10:00
0 Plays Today
Hint Creature/Being % Correct
Fire breathingDragon
95.9%
Is reborn from ashesPhoenix
91.4%
Fleur's grandmaVeela
85.6%
Annoyingly found in gardensGnome
85.1%
Half horseCentaur
84.7%
Blood lovingVampire
83.3%
Drink it's blood and your'e doomedUnicorn
82.9%
Kills you with it's eyesBasilisk
82.4%
Buckbeak is oneHippogriff
82%
Remind you of Moony?Werewolf
80.6%
Godric ______dorGriffin
76.1%
Big, ugly, and stupidTroll
73.9%
You'll find on the in the Weasley's atticGhoul
68.9%
Deathly dangerous if your name is Gilderoy LockhartPixie
66.7%
Hint Creature/Being % Correct
Sorry RonAcromantula
57.7%
Cormac was sent to the hospital wing on an overdose of their eggsDoxy
52.7%
Bred by HagridBlast-Ended Skrewt
51.8%
Stole Umbridge's ringNiffler
46.8%
Tree guardianBowtruckle
41.4%
BOOOOOOORRRRRRRRINGFlobberworm
39.2%
Closely related to the pixieFairy
39.2%
Not as beautiful as you thinkMerpeople
38.3%
Not the best nighttime helper when at the beachGrindylow
37.8%
Be careful of it's hornErumpent
36.9%
Pepper ___Imp
36.9%
Japenese water demonKappa
30.2%
Theyr'e not friendly like frostyYeti
23.9%
Seen through spectra specsKnargles
10.4%

You're not logged in!

Compare scores with friends on all Sporcle quizzes.
Join for Free
OR
Log In

You Might Also Like...

Show Comments

Extras

Top Quizzes Today


Score Distribution

Your Account Isn't Verified!

In order to create a playlist on Sporcle, you need to verify the email address you used during registration. Go to your Sporcle Settings to finish the process.

Report this User

Report this user for behavior that violates our Community Guidelines.

Details: